<?xml version="1.0" encoding="UTF-8"?>
<record
    xmlns:xsi="http://www.w3.org/2001/XMLSchema-instance"
    xsi:schemaLocation="http://www.loc.gov/MARC21/slim http://www.loc.gov/standards/marcxml/schema/MARC21slim.xsd"
    xmlns="http://www.loc.gov/MARC21/slim">

  <leader>03034cam a2200193 i 4500</leader>
  <datafield tag="020" ind1=" " ind2=" ">
    <subfield code="a">9781625274793 (hardback)</subfield>
  </datafield>
  <datafield tag="040" ind1=" " ind2=" ">
    <subfield code="c">DLC</subfield>
  </datafield>
  <datafield tag="082" ind1="0" ind2="0">
    <subfield code="a">658 JON 2014 A113 Or.</subfield>
  </datafield>
  <datafield tag="100" ind1="1" ind2=" ">
    <subfield code="a">Kolko, Jon.</subfield>
  </datafield>
  <datafield tag="245" ind1="1" ind2="0">
    <subfield code="a">Well-designed :</subfield>
    <subfield code="b">how to use empathy to create products people love /</subfield>
  </datafield>
  <datafield tag="300" ind1=" " ind2=" ">
    <subfield code="a">viii, 234 pages :</subfield>
    <subfield code="b">illustrations ;</subfield>
    <subfield code="c">23 cm</subfield>
  </datafield>
  <datafield tag="520" ind1=" " ind2=" ">
    <subfield code="a">"A new way to create-and then disrupt  Industry disruption is no longer isolated to a unique product or service. Today's consumer needs engagement in order to be swayed to interact, connect, and buy your next offering. Achieve this and you'll achieve success. Sharp and refreshing, design insider and expert Jon Kolko offers a new view and usable process for conceiving and building powerful, emotionally resonant new products in this new book.  In Well-Designed, Kolko-VP at MyEdu and Founder and Director of the Austin Center for Design--shows how deep, meaningful engagement happens when products and services are delivered in an authentic way, when consumers see them less like manufactured artifacts and more like good friends. The key is empathy-driven design thinking, using a process of storytelling and iteration, with results that provoke emotion, change behavior, and create deep engagement.  Kolko, who has been engaged in this process of design for more than 15 years, now shares a concrete set of steps for identifying lucrative opportunities, designing for innovation, and producing products that have deep, meaningful emotional engagement. By following this process, readers will learn how to raise the role of design to a strategic competency"--</subfield>
  </datafield>
  <datafield tag="520" ind1=" " ind2=" ">
    <subfield code="a">"A new way to create--and then disrupt Industry disruption is no longer isolated to a unique product or service. Today's consumer needs engagement in order to be swayed to interact, connect, and buy your next offering. Achieve this and you'll achieve success. Sharp and refreshing, design insider and expert Jon Kolko offers a new view and usable process for conceiving and building powerful, emotionally resonant new products in this new book. In Well-Designed, Kolko--VP at MyEdu and Founder and Director of the Austin Center for Design--shows how deep, meaningful engagement happens when products and services are delivered in an authentic way, when consumers see them less like manufactured artifacts and more like good friends. The key is empathy-driven design thinking, using a process of storytelling and iteration, with results that provoke emotion, change behavior, and create deep engagement. Kolko, who has been engaged in this process of design for more than 15 years, now shares a concrete set of steps for identifying lucrative opportunities, designing for innovation, and producing products that have deep, meaningful emotional engagement. By following this process, readers will learn how to raise the role of design to a strategic competency"--</subfield>
  </datafield>
  <datafield tag="650" ind1=" " ind2="0">
    <subfield code="a">Product design.</subfield>
  </datafield>
  <datafield tag="650" ind1=" " ind2="0">
    <subfield code="a">New products.</subfield>
  </datafield>
  <datafield tag="650" ind1=" " ind2="0">
    <subfield code="a">Consumer behavior.</subfield>
  </datafield>
  <datafield tag="650" ind1=" " ind2="0">
    <subfield code="a">Marketing research.</subfield>
  </datafield>
  <datafield tag="942" ind1=" " ind2=" ">
    <subfield code="c">EK</subfield>
  </datafield>
  <datafield tag="999" ind1=" " ind2=" ">
    <subfield code="c">17378</subfield>
    <subfield code="d">17378</subfield>
  </datafield>
  <datafield tag="952" ind1=" " ind2=" ">
    <subfield code="0">0</subfield>
    <subfield code="1">0</subfield>
    <subfield code="4">0</subfield>
    <subfield code="6">658_000000000000000_JON_2014_A113_OR</subfield>
    <subfield code="7">0</subfield>
    <subfield code="9">75503</subfield>
    <subfield code="a">LBA</subfield>
    <subfield code="b">LBA</subfield>
    <subfield code="c">A113</subfield>
    <subfield code="d">2018-11-19</subfield>
    <subfield code="o">658 JON 2014 A113 Or.</subfield>
    <subfield code="p">A37835</subfield>
    <subfield code="r">2018-11-19</subfield>
    <subfield code="w">2018-11-19</subfield>
    <subfield code="y">EK</subfield>
  </datafield>
  <datafield tag="952" ind1=" " ind2=" ">
    <subfield code="0">0</subfield>
    <subfield code="1">0</subfield>
    <subfield code="4">0</subfield>
    <subfield code="6">658_000000000000000_JON_2014_A113_OR</subfield>
    <subfield code="7">0</subfield>
    <subfield code="9">75504</subfield>
    <subfield code="a">LBA</subfield>
    <subfield code="b">LBA</subfield>
    <subfield code="c">A103</subfield>
    <subfield code="d">2018-11-19</subfield>
    <subfield code="o">658 JON 2014 A113 Or.</subfield>
    <subfield code="p">A37175</subfield>
    <subfield code="r">2018-11-19</subfield>
    <subfield code="w">2018-11-19</subfield>
    <subfield code="y">EK</subfield>
  </datafield>
</record>
